| 000 | 00687cam a22002171 4500 | ||
|---|---|---|---|
| 001 | l 38000023 | ||
| 003 | DLC | ||
| 005 | 20260227111536.0 | ||
| 008 | 790227s1938 wiua f000 0 eng c | ||
| 010 | _al 38000023 | ||
| 035 | _a(OCoLC)4695891 | ||
| 040 |
_aU.S. Dept. of labor _cWHi _dWHi _dISS _dDLC |
||
| 042 | _apremarc | ||
| 050 | 0 | 0 |
_aHD8051 _b.A35 1938 |
| 086 | 0 | _aL 1.2:L 11 | |
| 110 | 1 |
_aUnited States. _bDepartment of Labor. |
|
| 245 | 1 | 0 |
_aUnited States Department of labor; _btwenty-five years of service, 1913-1938. |
| 260 |
_a[Washington, _bU.S. Govt. print. off., _c1938] |
||
| 300 |
_aiii, 71 p. _billus., pl. _c23 cm. |
||
| 610 | 1 | 0 |
_aUnited States. _bDepartment of Labor. |
| 999 |
_c36246 _d36246 |
||